| 000 | 00652nam a22001457a 4500 | ||
|---|---|---|---|
| 020 | _a978-0-143-44234-9 | ||
| 082 |
_a823 _bMUR/D |
||
| 100 | _aMURTY, SUDHA | ||
| 245 |
_aTHE DAUGHTER FROM A WISHING TREE _bUNUSUAL TALES ABOUT WOMEN IN MYTHOLOGY |
||
| 260 |
_aGURGAON _bPUFFIN BOOKS _c2019 |
||
| 300 | _a180 | ||
| 520 | _aThey slayed demons and protected their devotees fiercely. From Parvati to Ashokasundari and from Bhamati to Mandodari, this collection features enchanting and fearless women who frequently led wars on behalf of the gods, were the backbone of their families and makers of their own destinies. | ||
| 650 |
_aNOVEL _zINDIA |
||
| 942 | _cBK | ||
| 999 |
_c3570 _d3570 |
||